MARC

LEADER 00000nam0a2200000 4500
001 18775
005 20231101205229.0
035 |a (RuTPU)RU\TPU\book\18929 
035 |a BOOK00000138 
090 |a 18775 
100 |a 20011209d1981 m y0rusy50 ca 
101 0 |a rus 
102 |a RU 
105 |a y z 000ay 
200 1 |a Книга для родителей  |f А. С. Макаренко 
210 |a Ленинград  |c Лениздат  |d 1981 
215 |a 160 с. 
606 1 |a Русская литература современная  |2 stltpush  |3 (RuTPU)RU\TPU\subj\26373  |9 50316 
606 1 |a Воспитание в семье  |2 stltpush  |3 (RuTPU)RU\TPU\subj\3706  |9 32082 
610 1 |a педагогика 
610 1 |a воспитание 
610 1 |a семья 
610 1 |a дети 
610 1 |a родители 
675 |a Р2  |v 3 
686 |a Ч49  |2 rubbk 
700 1 |a Макаренко  |b А. С.  |g Антон Семенович 
801 0 |a RU  |b 63413507  |c 20011209  |g PSBO 
801 2 |a RU  |b 63413507  |c 20211203  |g PSBO 
942 |c BK